Statistiques concernant Pays ayant le plus de moutons

Cliquez ici pour prendre le quiz!

Statistiques générales

  • Ce quiz a été pris 13 045 fois
    (7 677 depuis la dernière actualisation)
  • Le résultat moyen est 10 sur 20

Statistiques - réponses

TotalPays% Correct
164 mChine
88%
74,3 mInde
81%
21,1 mRussie
79%
65,8 mAustralie
70%
19,7 mBrésil
69%
26,8 mNouvelle-Zélande
67%
29,4 mAlgérie
64%
21,6 mMaroc
61%
33,6 mRoyaume-Uni
51%
30,9 mPakistan
47%
35,2 mTurquie
46%
41,3 mIran
43%
32,3 mMongolie
43%
22,1 mAfrique du Sud
38%
19,2 mMali
27%
46,9 mNigeria
27%
31,8 mÉthiopie
23%
40,9 mSoudan
23%
35,9 mTchad
19%
27,4 mKenya
17%

Distribution des résultats

Percentile par nombre de réponses

% des personnes avec chaque résultat

Votre développement - résultats

Vous n’avez pas pris ce quiz depuis la dernière actualisation